| 000 | 00655nam a22002177a 4500 | ||
|---|---|---|---|
| 999 |
_c10476 _d10476 |
||
| 003 | AR-CdUCM | ||
| 008 | 190401b ||||| |||| 00| 0 spa d | ||
| 040 |
_aMUNICIPALIDAD PROVINCIAL DEL CUSCO _cBIBLIOTECA MUNICIPAL DEL CUSCO |
||
| 082 |
_aES / 800 / _bSA18 |
||
| 100 |
_aSalgari, Emilio _9800 |
||
| 245 | _aLos Tigres de la Malasia / | ||
| 260 |
_aChile: _bSantiago ; _c1998. |
||
| 300 |
_a79 páginas ; _bIlustraciones _c17cm |
||
| 440 |
_aGran Biblioteca Juvenil _927357 |
||
| 505 | _aContenido: Novela | ||
| 650 |
_aNovela _95 |
||
| 650 |
_aLiteratura juvenil _91580 |
||
| 710 |
_aLa República _918584 |
||
| 942 |
_2ddc _cLIBROS |
||
| 945 | _anom | ||